000 00209nam a22001097a 4500
040 _cHS
082 _a448
100 _aSOK PHEAV
245 _aManuel De Francais
260 _aRUA
_bSOK PHEAV
_c2011
942 _cFB
999 _c8441
_d8441